000
00232nam a22001097a 4500
003
OSt
008
231114b |||||||| |||| 00| 0 eng d
041
_a
mal
100
_a
Varkey, Muttathu
_9
5612
245
_a
Thekkan kattu
942
_c
BK
999
_c
17827
_d
17827